[Event "Titled Tue 3rd Jun Early"]
[Site "chess.com INT"]
[Date "2025.06.03"]
[Round "1"]
[White "Todorovic, Bojan"]
[Black "Ambartsumova, Karina"]
[Result "1/2-1/2"]
[WhiteTitle "FM"]
[BlackTitle "IM"]
[WhiteElo "2111"]
[BlackElo "2403"]
[WhiteFideId "917087"]
[BlackFideId "4166299"]
[EventDate "2025.06.03"]

1. d4 Nf6 2. c4 e6 3. Nc3 d5 4. cxd5 exd5 5. Bg5 Be7 6. e3 c6 7. Bd3 Nbd7 8. Nf3
h6 9. Bf4 Nh5 10. Be5 Nxe5 11. dxe5 g6 12. O-O Ng7 13. Nd4 c5 14. Ndb5 a6 15.
Nd6+ Bxd6 16. exd6 Be6 17. Be2 Qxd6 18. Bf3 Rd8 19. Qa4+ b5 20. Qa5 Nf5 21. Rad1
d4 22. Ne4 Qe7 23. Qxa6 O-O 24. Qxb5 dxe3 25. Qxc5 Qxc5 26. Nxc5 Bxa2 27. Nd7
Bb3 28. Nxf8 Bxd1 29. Rxd1 Rxf8 30. fxe3 Nxe3 31. Rd7 Nc4 32. b4 Ne5 33. Rb7
Nxf3+ 34. gxf3 Ra8 35. Kf2 Ra2+ 36. Kg3 Kg7 37. Rb6 Rb2 38. h4 Rb1 39. Kf4 Rh1
40. Kg3 Rg1+ 41. Kh2 Rb1 42. Kg3 g5 43. hxg5 hxg5 44. f4 Rg1+ 45. Kf2 Rg4 46.
fxg5 Rxg5 47. Rc6 Rb5 48. Rc4 Kg6 49. Kf3 f6 50. Kg3 Rg5+ 51. Kf3 Rb5 52. Kg3
Rb8 53. Kf4 Rh8 54. Kg3 Kg5 55. b5 f5 56. Rb4 Rb8 57. b6 Rb7 58. Rb5 Kf6 59. Kf4
Ke6 60. Re5+ Kd6 61. Rxf5 Rxb6 62. Rf6+ Kc7 63. Rxb6 Kxb6 1/2-1/2

[Event "Titled Tue 3rd Jun Early"]
[Site "chess.com INT"]
[Date "2025.06.03"]
[Round "1"]
[White "Ser, Daniel"]
[Black "Gavarrete, Nahun"]
[Result "1/2-1/2"]
[WhiteTitle "CM"]
[BlackTitle "FM"]
[WhiteElo "2005"]
[BlackElo "2281"]
[WhiteFideId "12829404"]
[BlackFideId "8400709"]
[EventDate "2025.06.03"]

1. d4 d5 2. Bf4 e6 3. e3 Nf6 4. Nf3 c5 5. Nbd2 Nc6 6. c3 a6 7. Bd3 Be7 8. Ne5 c4
9. Bc2 Bd6 10. Qf3 Qc7 11. Nxc6 bxc6 12. Bxd6 Qxd6 13. e4 Nd7 14. exd5 cxd5 15.
Nxc4 Qb8 16. Ne3 Qxb2 17. O-O Qxc3 18. Rfd1 Nf6 19. Ba4+ Bd7 20. Rac1 Qa5 21.
Bxd7+ Kxd7 22. Rc5 Qb6 23. Nxd5 Nxd5 24. Rxd5+ exd5 25. Qxd5+ Qd6 26. Qxf7+ Qe7
27. Qd5+ Qd6 28. Qf7+ Kd8 29. Re1 Qd7 30. Qf4 Rc8 31. Qg5+ Kc7 32. Qc5+ Kb8 33.
Rb1+ Ka8 34. Qb6 Rb8 35. Qxa6+ Qa7 36. Qc6+ Rb7 37. h4 Rb8 38. Rb3 Qxa2 39. Rxb7
Rxb7 40. Qc8+ Rb8 41. Qc5 Qa7 42. Qd5+ Qb7 43. Qa5+ Qa7 44. Qd5+ Rb7 45. Qd8+
Qb8 46. Qa5+ Ra7 47. Qd5+ Qb7 48. Qd8+ Qb8 49. Qd5+ Rb7 50. Qa5+ Qa7 51. Qd8+
Rb8 52. Qd5+ 1/2-1/2

[Event "Titled Tue 3rd Jun Early"]
[Site "chess.com INT"]
[Date "2025.06.03"]
[Round "1"]
[White "Reshetnikov, Alexey"]
[Black "Devagharan, Devina"]
[Result "1/2-1/2"]
[WhiteTitle "IM"]
[BlackTitle "WFM"]
[WhiteElo "2492"]
[BlackElo "1860"]
[WhiteFideId "4162080"]
[BlackFideId "2061600"]
[EventDate "2025.06.03"]

1. e4 c6 2. d4 d5 3. exd5 cxd5 4. Bd3 Nf6 5. h3 Nc6 6. c3 g6 7. Nf3 Bg7 8. O-O
O-O 9. Re1 Bf5 10. Bf1 Qc7 11. Na3 a6 12. Nc2 Ne4 13. Ne3 Be6 14. c4 Nf6 15. b3
h6 16. Bb2 Rad8 17. a3 Nh5 18. Rc1 dxc4 19. bxc4 Qb6 20. Ba1 Nxd4 21. Nxd4 Bxd4
22. Qf3 Bg7 23. Rb1 Qc6 24. Qxc6 bxc6 25. Rb6 c5 26. g3 Bd4 27. Rxa6 Nf6 28. Ra5
Ra8 29. Rxa8 Rxa8 30. Nc2 Bxa1 31. Rxa1 Ra4 32. Ne3 Ne4 33. Bd3 Nd6 34. Bc2 Ra5
35. Bb3 Kg7 36. a4 Ne4 37. h4 Nd2 38. Ra3 Nxb3 39. Rxb3 Rxa4 40. Rb5 Bxc4 41.
Rxc5 Be6 42. Rc7 Kf6 43. Kg2 h5 44. Rc5 Ra2 45. Kf3 Ra7 46. Rb5 Ra3 47. Rb6 Kg7
48. Kf4 Kf6 49. Kf3 Kg7 50. Kf4 Ra4+ 51. Kf3 Ra3 1/2-1/2

[Event "Titled Tue 3rd Jun Early"]
[Site "chess.com INT"]
[Date "2025.06.03"]
[Round "1"]
[White "Kshatriya, Nitin Vekhande"]
[Black "Guliev, Gasan"]
[Result "1-0"]
[WhiteTitle "FM"]
[BlackTitle "CM"]
[WhiteElo "2255"]
[BlackElo "2123"]
[WhiteFideId "45075530"]
[BlackFideId "34165638"]
[EventDate "2025.06.03"]

1. e4 c5 2. Nf3 Nc6 3. Bb5 e6 4. O-O Nge7 5. Re1 Nd4 6. Nxd4 cxd4 7. c3 Nc6 8.
d3 a6 9. Bxc6 dxc6 10. cxd4 Qxd4 11. Nc3 e5 12. Be3 Qd8 13. d4 exd4 14. Bxd4 Be6
15. Na4 Bd6 16. e5 Bb4 17. Re3 O-O 18. Rg3 b5 19. Nc5 Qd5 20. Nxe6 fxe6 21. Qg4
Rf7 22. Rd1 Rd8 23. Rgd3 Qxa2 24. h3 h6 25. Be3 Rxd3 26. Rxd3 Qb1+ 27. Rd1 Qf5
28. Qxb4 Qxe5 29. Qd6 Qxd6 30. Rxd6 Rc7 31. Rxe6 Kf7 32. Rd6 Ke7 33. Bc5 Kf7 34.
b4 Rc8 35. f4 g6 36. Kf2 h5 37. g3 Kg7 38. Kf3 Ra8 39. Rxc6 a5 40. bxa5 Rxa5 41.
Rb6 b4 42. Bxb4 Ra2 43. Bc3+ Kf7 44. Rf6+ Kg7 45. Ra6+ 1-0

[Event "Titled Tue 3rd Jun Early"]
[Site "chess.com INT"]
[Date "2025.06.03"]
[Round "1"]
[White "Shymanskyi, Oleksandr"]
[Black "Nagare Kaivalya Sandip"]
[Result "0-1"]
[WhiteTitle "FM"]
[BlackTitle "FM"]
[WhiteElo "2218"]
[BlackElo "2321"]
[WhiteFideId "14168880"]
[BlackFideId "25957929"]
[EventDate "2025.06.03"]

1. e4 c5 2. Nf3 d6 3. Bb5+ Nd7 4. O-O a6 5. Bc4 Ngf6 6. Re1 e6 7. d4 b5 8. Bf1
Bb7 9. d5 exd5 10. exd5+ Be7 11. c4 O-O 12. Nc3 bxc4 13. Bxc4 Nb6 14. b3 a5 15.
a4 Ng4 16. h3 Ne5 17. Nxe5 dxe5 18. Bb2 Bd6 19. Nb5 Re8 20. f4 e4 21. Qg4 f6 22.
Re3 Bc8 23. Qg3 Bf5 24. Qf2 h5 25. Qe2 Bg6 26. g4 Bxf4 27. Rc3 Bf7 28. Rf1 Be5
29. Rc2 Nxd5 30. Bxe5 Rxe5 31. Bxd5 Rxd5 32. Qxe4 hxg4 33. hxg4 Ra6 34. Rcf2 Re6
35. Qf4 Rg5 36. Rg2 Ree5 37. Rd2 Qc8 38. Nd6 Rxg4+ 39. Rg2 Rxf4 40. Nxc8 Rxf1+
41. Kxf1 Bxb3 42. Nb6 c4 43. Rd2 Re6 44. Nd5 Bxa4 45. Kf2 Bc6 46. Nc3 g5 47.
Rd8+ Kf7 48. Rc8 a4 49. Rc7+ Kg6 50. Ra7 g4 51. Ra5 f5 52. Nd1 f4 53. Nc3 g3+
54. Kg1 Re1# 0-1

[Event "Titled Tue 3rd Jun Early"]
[Site "chess.com INT"]
[Date "2025.06.03"]
[Round "1"]
[White "Risteski, Emil"]
[Black "Teimouri Yadkuri, Shahdad"]
[Result "1-0"]
[WhiteTitle "IM"]
[BlackTitle "FM"]
[WhiteElo "2359"]
[BlackElo "2267"]
[WhiteFideId "15005267"]
[BlackFideId "42515467"]
[EventDate "2025.06.03"]

1. e4 g6 2. d4 Bg7 3. Nc3 d6 4. f4 a6 5. Nf3 b5 6. Bd3 Bb7 7. a4 b4 8. Ne2 Nd7
9. c3 bxc3 10. bxc3 c5 11. O-O Ngf6 12. e5 Nd5 13. Ng5 e6 14. Ne4 O-O 15. Nxd6
Bc6 16. Qe1 cxd4 17. cxd4 Qb6 18. Bd2 a5 19. Rb1 Qa7 20. Nb5 Qb6 21. Kh1 Qd8 22.
Rc1 Bb7 23. Nd6 Ba6 24. Bxa5 Qe7 25. Nb5 N7b6 26. Ra1 Rfb8 27. Nec3 Nxc3 28.
Bxc3 Nd5 29. Bd2 Bf8 30. Qe2 Qd7 31. Rfc1 Rc8 32. h3 Rxc1+ 33. Rxc1 Rc8 34. Rxc8
Qxc8 35. Kh2 Qd7 36. Qd1 Nb6 37. Ba5 Nc8 38. Qc1 Ne7 39. Bb4 Nc6 40. Bxf8 Kxf8
41. Qc5+ Kg7 42. Be4 Na5 43. Qd6 Bxb5 44. axb5 Qc8 45. Bc6 1-0

[Event "Titled Tue 3rd Jun Early"]
[Site "chess.com INT"]
[Date "2025.06.03"]
[Round "1"]
[White "De Sousa, Antonio Micaias Silva"]
[Black "Kalyani Sirin"]
[Result "0-1"]
[BlackTitle "WFM"]
[WhiteElo "2007"]
[BlackElo "2136"]
[WhiteFideId "22798528"]
[BlackFideId "33323500"]
[EventDate "2025.06.03"]

1. e4 e5 2. Nf3 Nc6 3. Bb5 a6 4. Ba4 Nf6 5. O-O Be7 6. d3 b5 7. Bb3 O-O 8. a4
Bb7 9. axb5 axb5 10. Rxa8 Bxa8 11. Nc3 b4 12. Nd5 Nxd5 13. Bxd5 d6 14. c3 bxc3
15. bxc3 Qd7 16. Qa4 Rd8 17. Be3 Bf6 18. Ra1 Qe8 19. Qa2 Bb7 20. Rb1 Bc8 21. Ng5
Bxg5 22. Bxg5 Ne7 23. Bc4 h6 24. Be3 Ng6 25. Qa7 Qe7 26. Rb8 Be6 27. Bxe6 fxe6
28. Rxd8+ Qxd8 29. Qa2 Qe7 30. d4 exd4 31. cxd4 Kh7 32. Qc4 Nf8 33. g3 Qd7 34.
d5 exd5 35. exd5 Ng6 36. Qe4 Qf7 37. h4 Kg8 38. h5 Ne7 39. Qg4 Nxd5 40. Bxh6 Nf6
41. Qc8+ Kh7 42. Qf5+ Kxh6 43. g4 g5 44. hxg6 Qxg6 45. Qf4+ Qg5 46. Qh2+ Kg7 47.
f3 Qc1+ 48. Kg2 Qc2+ 49. Kg3 Qxh2+ 50. Kxh2 c5 0-1

[Event "Titled Tue 3rd Jun Early"]
[Site "chess.com INT"]
[Date "2025.06.03"]
[Round "1"]
[White "Daspres, Loic"]
[Black "Gkavardinas, Antonios"]
[Result "0-1"]
[WhiteTitle "CM"]
[BlackTitle "FM"]
[WhiteElo "2207"]
[BlackElo "2313"]
[WhiteFideId "20612281"]
[BlackFideId "25883097"]
[EventDate "2025.06.03"]

1. e4 c6 2. d4 d5 3. exd5 cxd5 4. c4 Nc6 5. Nc3 Nf6 6. Nf3 a6 7. cxd5 Nxd5 8.
Bc4 Nxc3 9. bxc3 g6 10. Qb3 e6 11. Bg5 Be7 12. Bxe7 Qxe7 13. O-O O-O 14. Qb6 Qd8
15. Qc5 Bd7 16. Rab1 b5 17. Be2 Rc8 18. a4 Na5 19. Qb4 Nc4 20. Rfd1 Bc6 21. Ne5
Nxe5 22. dxe5 Qg5 23. Bf1 Qxe5 24. axb5 axb5 25. Qd6 Qxc3 26. Rbc1 Qf6 27. Rxc6
Rcd8 28. Bxb5 Rxd6 29. Rcxd6 h5 30. h3 Kg7 31. Be2 Rb8 32. R6d2 Rb2 33. Rxb2
Qxb2 34. Bf3 h4 35. Re1 Qa2 36. Kf1 f5 37. Re2 Qa1+ 38. Re1 Qa2 39. Re2 Qc4 40.
Kg1 Kf6 41. g3 hxg3 42. fxg3 e5 43. Kf2 Qd4+ 44. Kf1 e4 45. Bg2 e3 46. Bf3 g5
47. g4 fxg4 48. Bxg4 Ke5 49. Kg2 Kf4 50. Bh5 Qd5+ 51. Kh2 Qe5 52. Kg2 Ke4 53.
Bf3+ Kd3 54. Bg4 Qd4 55. Ra2 Qd5+ 0-1

[Event "Titled Tue 3rd Jun Early"]
[Site "chess.com INT"]
[Date "2025.06.03"]
[Round "1"]
[White "Toth, Christian Endre"]
[Black "Skatchkov, Pavel"]
[Result "1/2-1/2"]
[WhiteTitle "IM"]
[BlackTitle "GM"]
[WhiteElo "2354"]
[BlackElo "2457"]
[WhiteFideId "2100339"]
[BlackFideId "4121848"]
[EventDate "2025.06.03"]

1. d4 Nf6 2. Nf3 d5 3. Bf4 c5 4. e3 Nc6 5. c3 Nh5 6. Bg5 h6 7. Bh4 g5 8. Bg3
Nxg3 9. hxg3 Bg7 10. Nbd2 Qb6 11. Qb3 Be6 12. dxc5 Qxc5 13. Nd4 O-O-O 14. Nxe6
fxe6 15. Be2 d4 16. cxd4 Bxd4 17. Qxe6+ Kb8 18. O-O Bxb2 19. Nb3 Qc2 20. Rae1
Bc3 21. Rc1 Qxe2 22. Rxc3 Rd1 23. Rxd1 Qxd1+ 24. Kh2 Rd8 25. Nd4 Nxd4 26. Qe5+
Ka8 27. exd4 Qh5+ 28. Kg1 Qd1+ 29. Kh2 a6 30. Qxe7 Qxd4 31. Rc7 Qd1 32. f3 Rb8
33. Qd7 Qe2 34. a4 Qe5 35. Qg7 Qd6 36. Qe7 Qd4 37. a5 Qd5 38. Rc5 Qd8 39. Qxd8
Rxd8 40. Kh3 Rd4 41. Rf5 Ra4 42. f4 gxf4 43. gxf4 Kb8 44. Kh4 Ra2 45. g4 Rh2+
46. Kg3 Ra2 47. Kh4 Rh2+ 48. Kg3 Ra2 49. Kh4 1/2-1/2

[Event "Titled Tue 3rd Jun Early"]
[Site "chess.com INT"]
[Date "2025.06.03"]
[Round "1"]
[White "Stefanov, Plamen"]
[Black "Fadi, Marko"]
[Result "0-1"]
[BlackTitle "FM"]
[WhiteElo "1982"]
[BlackElo "2244"]
[WhiteFideId "2900980"]
[BlackFideId "10605371"]
[EventDate "2025.06.03"]

1. e4 e5 2. Nf3 Nc6 3. Bc4 Bc5 4. O-O d6 5. h3 Nf6 6. Re1 O-O 7. c3 a6 8. d4 Ba7
9. Bg5 h6 10. Bh4 g5 11. Bg3 g4 12. hxg4 Bxg4 13. Qd2 Bxf3 14. gxf3 Kh7 15. Kg2
Rg8 16. Rh1 Rg6 17. Bxf7 Ng8 18. Bxg6+ Kxg6 19. d5 Nb8 20. Qe2 Nd7 21. f4 exf4
22. Qh5+ Kg7 23. Bxf4 Qf6 24. Qg4+ Kh8 25. Nd2 Ne5 26. Qh4 Qg7+ 27. Bg3 Rf8 28.
f4 Ng6 29. Qg5 Be3 30. Nf3 Bxf4 31. Qg4 Nf6 32. Qh3 Nxe4 33. Rag1 Bxg3 34. Qxh6+
Qxh6 35. Rxh6+ Kg7 36. Rgh1 Nf4+ 37. Kf1 Nd2+ 38. Nxd2 Nh5+ 39. Ke2 Kxh6 40. Ne4
Be5 41. Kd3 Kg6 42. Rg1+ Ng3 43. Nxg3 Rf3+ 44. Kc4 Rxg3 45. Rh1 Rg2 46. Rf1 Rxb2
47. a4 Rc2 48. Rf3 Rxc3+ 49. Rxc3 Bxc3 50. Kxc3 Kf5 51. Kd4 Kf4 52. a5 Kf3 53.
Kd3 Kf4 54. Kd4 Kf5 55. Kd3 Ke5 56. Kc4 Ke4 0-1

[Event "Titled Tue 3rd Jun Early"]
[Site "chess.com INT"]
[Date "2025.06.03"]
[Round "1"]
[White "Fernandez Siles, Luis"]
[Black "Iskusnyh, Sergei"]
[Result "0-1"]
[WhiteTitle "FM"]
[BlackTitle "GM"]
[WhiteElo "2170"]
[BlackElo "2440"]
[WhiteFideId "2209420"]
[BlackFideId "4120027"]
[EventDate "2025.06.03"]

1. e4 e6 2. d4 d5 3. e5 c5 4. c3 Nc6 5. Nf3 Nge7 6. Na3 Bd7 7. Nc2 Qa5 8. Bd2
Qb6 9. b3 cxd4 10. cxd4 Nf5 11. Bc3 Rc8 12. g4 Nfe7 13. Bd3 h5 14. Rg1 hxg4 15.
Rxg4 Nf5 16. Qd2 g6 17. Kf1 Bh6 18. Qe1 Nce7 19. Ba5 Qc6 20. Kg2 b6 21. Bd2 Bxd2
22. Qxd2 Qc3 23. Qxc3 Rxc3 24. Rd1 Kf8 25. Ne3 Nxe3+ 26. fxe3 Kg7 27. Kf2 Nf5
28. Rgg1 Nh4 29. Nxh4 Rxh4 30. Kg3 Rh8 31. h4 a5 32. Rg2 Kf8 33. Rc2 Rxc2 34.
Bxc2 Ke7 35. Bd3 Rc8 36. Kg4 a4 37. bxa4 Rc3 38. Bb5 Rxe3 39. Rb1 Bc8 40. Rb4
f5+ 41. exf6+ Kxf6 42. Rb3 e5+ 0-1

[Event "Titled Tue 3rd Jun Early"]
[Site "chess.com INT"]
[Date "2025.06.03"]
[Round "1"]
[White "Vafin, Ayrat"]
[Black "Moro Saidon, Gonzalo"]
[Result "1-0"]
[WhiteTitle "FM"]
[WhiteElo "2302"]
[BlackElo "2100"]
[WhiteFideId "4146530"]
[BlackFideId "140082"]
[EventDate "2025.06.03"]

1. Nf3 Nf6 2. g3 g6 3. Bg2 Bg7 4. O-O O-O 5. d4 d5 6. c4 dxc4 7. Na3 Nc6 8. Nxc4
Be6 9. b3 Bd5 10. Bb2 Qc8 11. e3 Rd8 12. Qe2 Be4 13. Rfd1 Nb4 14. a3 Nc6 15.
Ncd2 Bc2 16. Rdc1 Bf5 17. e4 Bg4 18. Qe3 Nd7 19. e5 Nb6 20. Ne4 Nd5 21. Qe1 a5
22. Nc5 b6 23. Ne4 Qd7 24. Nfd2 Na7 25. Ng5 h6 26. Nge4 a4 27. b4 Nb5 28. Bf1
Bh3 29. Bc4 Kh7 30. Qe2 c6 31. f3 Nbc7 32. Bd3 Ne6 33. b5 Rac8 34. bxc6 Rxc6 35.
Bb5 Rxc1+ 36. Rxc1 Qb7 37. Bc6 Qa7 38. Nf2 Nef4 39. gxf4 Nxf4 40. Qe4 Bf5 41.
Qxf4 Qa5 42. Be4 Be6 43. Bc3 Qb5 44. Qe3 Rd7 45. Bd3 Qc6 46. Bb2 Qd5 47. Bc4 Qb7
48. Bxe6 fxe6 49. Qe4 Qa7 50. Nd3 b5 51. Nf4 Rb7 52. Qxg6+ Kg8 53. Nxe6 1-0

[Event "Titled Tue 3rd Jun Early"]
[Site "chess.com INT"]
[Date "2025.06.03"]
[Round "1"]
[White "Tang, Andrew"]
[Black "Shafer, Logan C"]
[Result "1-0"]
[WhiteTitle "GM"]
[BlackTitle "CM"]
[WhiteElo "2529"]
[BlackElo "2291"]
[WhiteFideId "2059630"]
[BlackFideId "30993342"]
[EventDate "2025.06.03"]

1. d4 Nf6 2. c4 e6 3. Nc3 Bb4 4. Qc2 d5 5. cxd5 exd5 6. Bg5 O-O 7. e3 h6 8. Bh4
c5 9. dxc5 Qa5 10. Bxf6 gxf6 11. Bd3 Bxc3+ 12. bxc3 Nd7 13. Nf3 Nxc5 14. O-O Bg4
15. Nd4 Rac8 16. Rfc1 Ne6 17. Nb3 Qa4 18. h3 Bh5 19. Bf5 Kg7 20. Rab1 Bg6 21.
Bxg6 fxg6 22. Nd4 Qd7 23. Rxb7 Qxb7 24. Nxe6+ Kf7 25. Nxf8 Rxf8 26. c4 Rc8 27.
c5 Qc6 28. Qc3 Kg7 29. Qd4 h5 30. Rb1 Rc7 31. Rc1 Rb7 32. g4 hxg4 33. hxg4 Re7
34. g5 Re5 35. gxf6+ Qxf6 36. c6 Re8 37. c7 Qxd4 38. exd4 Rc8 39. Kg2 Kf6 40.
Kf3 Kf5 41. Rc6 g5 42. a4 a5 43. Ke3 Kg4 44. Rc5 Kh4 45. Kf3 g4+ 46. Kg2 g3 47.
f3 Kg5 48. Rxd5+ Kf4 49. Rc5 Ke3 50. d5 Kd4 51. d6 Kxc5 52. d7 Rxc7 53. d8=Q Kb6
54. Kxg3 Kb7 55. f4 Kb6 56. f5 Kb7 57. f6 Kb6 58. f7 Kb7 59. f8=Q Rc3+ 60. Qf3+
Rc6 61. Qd7+ Kb8 62. Qf8+ 1-0

[Event "Titled Tue 3rd Jun Early"]
[Site "chess.com INT"]
[Date "2025.06.03"]
[Round "1"]
[White "Zhukovskyi, Oleksandr"]
[Black "Rahman, Masruri"]
[Result "0-1"]
[WhiteTitle "CM"]
[BlackTitle "FM"]
[WhiteElo "2153"]
[BlackElo "2407"]
[WhiteFideId "14169371"]
[BlackFideId "7101163"]
[EventDate "2025.06.03"]

1. b3 d5 2. Bb2 c6 3. e3 Nf6 4. Nf3 Bf5 5. Be2 e6 6. O-O h6 7. c4 Be7 8. Ne5 O-O
9. h3 Nbd7 10. a4 Nxe5 11. Bxe5 Nd7 12. Bb2 Bf6 13. Bxf6 Nxf6 14. d4 Bxb1 15.
Rxb1 Ne4 16. Qe1 a5 17. f3 Nd6 18. c5 Nf5 19. Bd3 Re8 20. g4 Ne7 21. b4 axb4 22.
Rxb4 Qc7 23. Kg2 Ra7 24. Qb1 e5 25. Qb3 exd4 26. Rxd4 Qa5 27. Qc2 Qc7 28. f4 Kh8
29. h4 Ng8 30. e4 Nf6 31. e5 Nxg4 32. Qe2 Nf6 33. Qf3 Nd7 34. Qg3 Nxc5 35. Bc2
Ne6 36. Qd3 g6 37. Rb4 c5 38. Rb5 Rxa4 39. h5 Nxf4+ 40. Rxf4 Rxf4 41. hxg6 Qxe5
42. gxf7 Qg5+ 43. Kh2 Rh4+ 44. Qh3 Re2+ 0-1

[Event "Titled Tue 3rd Jun Early"]
[Site "chess.com INT"]
[Date "2025.06.03"]
[Round "1"]
[White "Belov, Alexei"]
[Black "Squella Lavin, Carlos Felipe"]
[Result "0-1"]
[WhiteTitle "IM"]
[BlackTitle "FM"]
[WhiteElo "2421"]
[BlackElo "2230"]
[WhiteFideId "4128206"]
[BlackFideId "3406792"]
[EventDate "2025.06.03"]

1. e4 e6 2. d4 d5 3. Nd2 Nf6 4. e5 Nfd7 5. Bd3 c5 6. c3 Nc6 7. Ne2 cxd4 8. cxd4
Nb6 9. Nf3 Bd7 10. Nf4 Nb4 11. Be2 Rc8 12. O-O a5 13. a3 Nc6 14. Nh5 a4 15. Bg5
Qc7 16. Rc1 Qb8 17. b4 Na7 18. Qd3 Bb5 19. Rxc8+ Qxc8 20. Qxb5+ Nxb5 21. Bxb5+
Nd7 22. Rc1 Qb8 23. Bh4 h6 24. Nd2 Rg8 25. Bxa4 Be7 26. Bg3 b5 27. Bb3 Nb6 28.
Rc6 Nc4 29. Nxc4 dxc4 30. Bc2 Kd7 31. d5 Qa8 32. Be4 Qxa3 33. h4 Rc8 34. Rb6
Qa1+ 35. Kh2 c3 36. d6 Bd8 37. Rb7+ Ke8 38. Nxg7+ Kf8 39. Nxe6+ fxe6 40. Bf4 Bg5
41. hxg5 hxg5 42. Bxg5 c2 43. Bh6+ Kg8 44. d7 Qxe5+ 45. g3 Rd8 0-1

[Event "Titled Tue 3rd Jun Early"]
[Site "chess.com INT"]
[Date "2025.06.03"]
[Round "1"]
[White "Diachek, Andrii"]
[Black "Velikanov, Alexander"]
[Result "1/2-1/2"]
[WhiteTitle "CM"]
[BlackTitle "IM"]
[WhiteElo "2226"]
[BlackElo "2372"]
[WhiteFideId "34106499"]
[BlackFideId "2039290"]
[EventDate "2025.06.03"]

1. c4 g6 2. Nc3 Bg7 3. g3 Nf6 4. Bg2 O-O 5. e4 d6 6. Nge2 e5 7. O-O c6 8. d3 a6
9. h3 b5 10. a3 Be6 11. cxb5 axb5 12. Be3 Qd7 13. Kh2 d5 14. Bc5 Rd8 15. d4 Nxe4
16. Nxe4 dxe4 17. dxe5 Bxe5 18. Qc2 Qd3 19. Qxd3 exd3 20. Nc3 Nd7 21. Be3 Rac8
22. Rfd1 Nf6 23. f4 Bxc3 24. bxc3 Bb3 25. Rd2 Bc4 26. Bd4 Nd5 27. Bf1 c5 28. Be5
f6 29. Bxd3 Bxd3 30. Rxd3 fxe5 31. Rad1 exf4 32. gxf4 Rf8 33. Rxd5 Rxf4 34. Rd7
Rf3 35. Rb7 Rf7 36. Rxb5 Re8 37. Rd2 Rf5 38. Rb7 Rf3 39. Rdd7 Re2+ 40. Kg1 Re8
41. Rg7+ Kf8 42. Rxh7 Kg8 43. Rbg7+ Kf8 44. Rc7 Kg8 45. Rhg7+ Kf8 46. Rxg6 Rxc3
47. Rf6+ Kg8 48. Rg6+ Kf8 49. Rf6+ Kg8 50. Rg6+ Kh8 51. Rh6+ Kg8 52. Rg6+ 1/2-1/2

[Event "Titled Tue 3rd Jun Early"]
[Site "chess.com INT"]
[Date "2025.06.03"]
[Round "1"]
[White "Fernandes, Rogerio Paulo Muller"]
[Black "Deng, Henry"]
[Result "0-1"]
[BlackTitle "FM"]
[WhiteElo "2241"]
[BlackElo "2327"]
[WhiteFideId "2101599"]
[BlackFideId "30965454"]
[EventDate "2025.06.03"]

1. c4 c6 2. g3 d5 3. Bg2 Nf6 4. Nf3 dxc4 5. O-O Nbd7 6. a4 a5 7. Na3 Nb6 8. Qc2
g6 9. Nxc4 Bf5 10. d3 Bg7 11. Bd2 Nxc4 12. Qxc4 O-O 13. Bc3 Be6 14. Qh4 h6 15.
Qd4 Qc8 16. Qc5 Rd8 17. Qxe7 Nd5 18. Qa3 Bf8 19. Qb3 Ne3 20. Qb6 Nxg2 21. Kxg2
Bh3+ 22. Kg1 Bxf1 23. Rxf1 Bg7 24. Rc1 Rd5 25. b3 Rd7 26. Nd2 Re7 27. e3 Qf5 28.
Bxg7 Kxg7 29. Qd4+ Qf6 30. Qxf6+ Kxf6 31. d4 Ke6 32. Rc5 Kd6 33. Nc4+ Kc7 34.
Rxa5 Rxa5 35. Nxa5 b5 36. axb5 cxb5 37. b4 Kd6 38. Nb3 Ra7 39. Nc5 Ra1+ 40. Kg2
Rb1 41. Nd3 Rb3 42. Ne5 Ke6 43. Nc6 f6 44. e4 Kd6 45. d5 f5 46. f3 Re3 47. Kf2
Rb3 48. h4 Ra3 49. Nd4 Ke5 50. Nxb5 Ra2+ 51. Ke3 fxe4 0-1

[Event "Titled Tue 3rd Jun Early"]
[Site "chess.com INT"]
[Date "2025.06.03"]
[Round "1"]
[White "Rustemov, Alexander"]
[Black "Langheinrich, Ferenc"]
[Result "1-0"]
[WhiteTitle "GM"]
[BlackTitle "IM"]
[WhiteElo "2525"]
[BlackElo "2346"]
[WhiteFideId "4119002"]
[BlackFideId "4641973"]
[EventDate "2025.06.03"]

1. d4 Nf6 2. c4 e6 3. Nf3 d5 4. cxd5 exd5 5. Nc3 Be7 6. Bf4 O-O 7. e3 c6 8. Qc2
Re8 9. h3 Nbd7 10. Bd3 Nf8 11. O-O Ng6 12. Bh2 Bd6 13. Bxd6 Qxd6 14. Rab1 a5 15.
a3 Be6 16. Rfc1 Rec8 17. Na4 Nd7 18. Nc5 Nxc5 19. dxc5 Qd7 20. b4 axb4 21. axb4
Bxh3 22. gxh3 Qxh3 23. Nh2 Nh4 24. Bf1 Qe6 25. Ra1 Rxa1 26. Rxa1 h5 27. Qd3 Qf6
28. Qd4 Qg5+ 29. Kh1 Re8 30. Qf4 Qd8 31. Bd3 g6 32. Rg1 Qe7 33. Rg5 f6 34. Rg1
f5 35. Qh6 Kf7 36. Bxf5 Qf6 37. Qh7+ Qg7 38. Qxg7+ Kxg7 39. Bd3 Ra8 40. Rb1 Ra3
41. Be2 Ra2 42. Re1 Rb2 43. b5 cxb5 44. Kg1 b4 45. Nf3 Nf5 46. Kf1 b3 47. Nd4 1-0

[Event "Titled Tue 3rd Jun Early"]
[Site "chess.com INT"]
[Date "2025.06.03"]
[Round "1"]
[White "Lee, Junhyeok"]
[Black "Kirchei, Viktoriia"]
[Result "1/2-1/2"]
[WhiteTitle "IM"]
[BlackTitle "WFM"]
[WhiteElo "2434"]
[BlackElo "2058"]
[WhiteFideId "13202340"]
[BlackFideId "34133396"]
[EventDate "2025.06.03"]

1. d4 g6 2. c4 Bg7 3. e4 d6 4. Nc3 Nd7 5. Nf3 e6 6. h4 h6 7. Be3 Ne7 8. Qd2 f5
9. O-O-O b6 10. Bd3 Bb7 11. Rhe1 Nf6 12. exf5 exf5 13. d5 Ng4 14. Nd4 Qd7 15.
Ne6 Bf6 16. Nb5 Rc8 17. Bd4 Ne5 18. f4 Ng4 19. Bxf6 Nxf6 20. Qc3 Kf7 21. Nxa7
Ra8 22. Nb5 Rhc8 23. h5 gxh5 24. a3 c6 25. Nbd4 cxd5 26. Nxf5 Nxf5 27. Bxf5 Rxc4
28. Qxc4 dxc4 29. Ng5+ hxg5 30. Bxd7 Nxd7 31. Rxd6 Rd8 32. fxg5 Bxg2 33. g6+ Kg8
34. Re7 Bh3 35. Rh7 Rf8 36. Rxh5 Rf1+ 37. Kd2 Bg4 38. Rg5 Rd1+ 39. Kc3 Rxd6 40.
Rxg4 Kg7 41. Rxc4 Rxg6 42. Rc7 Rd6 43. Kb4 Kf7 44. Kb5 Ke7 45. a4 Kd8 46. Rc6
Rd5+ 47. Kb4 Rc5 48. Rxc5 bxc5+ 49. Kb5 Kc7 50. b4 cxb4 51. Kxb4 Kb6 52. a5+ Ka6
53. Kc4 Kxa5 1/2-1/2

[Event "Titled Tue 3rd Jun Early"]
[Site "chess.com INT"]
[Date "2025.06.03"]
[Round "1"]
[White "Leinov, Roman"]
[Black "Panda, Sambit"]
[Result "0-1"]
[WhiteTitle "CM"]
[BlackTitle "IM"]
[WhiteElo "2120"]
[BlackElo "2369"]
[WhiteFideId "13504649"]
[BlackFideId "25091794"]
[EventDate "2025.06.03"]

1. Nf3 c5 2. g3 b6 3. Bg2 Bb7 4. O-O e6 5. c4 Nf6 6. Nc3 Be7 7. d3 d5 8. cxd5
Nxd5 9. Bd2 O-O 10. Rc1 Nc6 11. Re1 Nxc3 12. Bxc3 Bf6 13. a3 Rc8 14. Qa4 Qe7 15.
Bxf6 Qxf6 16. b4 cxb4 17. axb4 Qb2 18. Rb1 Qf6 19. Rec1 h6 20. Rc2 Ne5 21. Nxe5
Rxc2 22. Nd7 Qc3 23. Bxb7 Rd8 24. Bf3 a6 25. Ne5 Rc8 26. Ng4 a5 27. bxa5 bxa5
28. Ne3 Rc1+ 29. Rxc1 Qxc1+ 30. Kg2 Qc5 31. Nc4 Qb4 32. Qxa5 Qe7 33. Qb6 g6 34.
Qd4 h5 35. Nd2 Rd8 36. Qc3 e5 37. Ne4 Kg7 38. Qc6 Rd4 39. Qc2 Rb4 40. h4 Rb8 41.
Nc3 Rc8 42. Qd2 Qb4 43. Ne4 Qb6 44. Qa2 Rc1 45. Ng5 Qc7 46. Ba8 Rc5 47. Be4 Ra5
48. Qc4 Qa7 49. Qc6 Ra2 50. Bd5 Rxe2 51. Bxf7 Qxf2+ 52. Kh3 Qh2# 0-1